|
|
|
|
| LEADER |
00915cam a2200253 7i4500 |
| 001 |
0000079581 |
| 005 |
20230921090000.0 |
| 020 |
|
|
|a 9781003274414 (electronic book)
|
| 090 |
0 |
0 |
|a T11
|b .T53 2024
|
| 100 |
1 |
|
|a Tham, Jason Chew Kit
|
| 245 |
1 |
0 |
|a UX writing :
|b designing user-centered content
|c Jason C.K. Tham, Tharon Howard, Gustav Verhulsdonck.
|
| 264 |
|
|
|a New York, NY:
|b Routledge,
|c 2024.
|
| 300 |
|
|
|a 1 online resource (xvii, 248 pages):
|b text file, PDF.
|
| 336 |
|
|
|a text
|2 rdacontent
|
| 337 |
|
|
|a computer
|2 rdamedia
|
| 338 |
|
|
|a online resource
|2 rdacarrier
|
| 650 |
|
0 |
|a Technical writing
|
| 650 |
|
0 |
|a User-centered system design
|
| 650 |
|
0 |
|a User interfaces (Computer systems)
|
| 655 |
|
0 |
|a Electronic books
|
| 700 |
1 |
|
|a Howard, Tharon W
|
| 700 |
1 |
|
|a Verhulsdonck, Gustav
|
| 856 |
4 |
2 |
|u http://library.unisel.edu.my/web/guest/mylibrary
|
| 999 |
|
|
|a EBO0021833
|b EBOOK
|c EBOOK
|e Electronic resources
|